Govt. of
Madhya Pradesh

उपेक्षिता ( उपन्यास ) (Record no. 68799)

MARC details
000 -LEADER
fixed length control field 00348nam a22001097a 4500
082 ## - DEWEY DECIMAL CLASSIFICATION NUMBER
Classification number 891.433/SHA
100 ## - MAIN ENTRY--AUTHOR NAME
Personal name शाक्य ,किशोर कुमार
245 ## - TITLE STATEMENT
Title उपेक्षिता ( उपन्यास )
260 ## - PUBLICATION, DISTRIBUTION, ETC. (IMPRINT)
Place of publication भोपाल
Name of publisher आइसेक्ट
Year of publication 2025
650 ## - SUBJECT ADDED ENTRY--TOPICAL TERM
Topical Term उपन्यास
942 ## - ADDED ENTRY ELEMENTS (KOHA)
Koha item type Hindi Books
Holdings
Withdrawn status Lost status Damaged status Not for loan Home library Current library Date acquired Cost, normal purchase price Full call number Accession Number Price effective from Koha item type
        MACL MACL 06/03/2026 900.00 891.433/SHA DPI004288 06/03/2026 Hindi Books